Central Library || Chittagong University

Philosophy and myth in Karl Marx ./ (Record no. 112851)

MARC details
000 -LEADER
fixed length control field 00458nam a22001697a 4500
003 - CONTROL NUMBER IDENTIFIER
control field BD-ChCU
005 - DATE AND TIME OF LATEST TRANSACTION
control field 20260511101654.0
008 - FIXED-LENGTH DATA ELEMENTS--GENERAL INFORMATION
fixed length control field 260511b bg ||||| |||| 00| 0 ben d
040 ## - CATALOGING SOURCE
Transcribing agency BD-ChCU
082 ## - DEWEY DECIMAL CLASSIFICATION NUMBER
Classification number 335.4 TUP
100 ## - MAIN ENTRY--PERSONAL NAME
Personal name Tucker , Robert . C.
9 (RLIN) 22733
245 ## - TITLE STATEMENT
Title Philosophy and myth in Karl Marx ./
Statement of responsibility, etc. Robert C. Tucker .
260 ## - PUBLICATION, DISTRIBUTION, ETC.
Place of publication, distribution, etc. Cambridge :
Name of publisher, distributor, etc. Univ. Press ,
Date of publication, distribution, etc. C 1964
300 ## - PHYSICAL DESCRIPTION
Extent 263p.
650 #0 - SUBJECT ADDED ENTRY--TOPICAL TERM
Topical term or geographic name entry element Marxism .
9 (RLIN) 22734
942 ## - ADDED ENTRY ELEMENTS (KOHA)
Source of classification or shelving scheme Dewey Decimal Classification
Koha item type Books
Suppress in OPAC No
Holdings
Withdrawn status Lost status Source of classification or shelving scheme Damaged status Not for loan Home library Current library Shelving location Date acquired Source of acquisition Total Checkouts Full call number Barcode Date last seen Copy number Price effective from Koha item type
    Dewey Decimal Classification     Chittagong University Library Chittagong University Library Business and Social Science Reading Room 05/11/2026 Purchase   335.4 TUP 14778 05/11/2026 C-1 05/11/2026 Books
    Dewey Decimal Classification     Chittagong University Library Chittagong University Library Business and Social Science Reading Room 05/11/2026 Purchase   335.4 TUP 30155 05/11/2026 C-2 05/11/2026 Books
    Dewey Decimal Classification     Chittagong University Library Chittagong University Library Business and Social Science Reading Room 05/11/2026 Purchase   335.4 TUP 47345 05/11/2026 C-3 05/11/2026 Books
    Dewey Decimal Classification     Chittagong University Library Chittagong University Library Business and Social Science Reading Room 05/11/2026 Purchase   335.4 TUP 47347 05/11/2026 C-4 05/11/2026 Books
    Dewey Decimal Classification     Chittagong University Library Chittagong University Library Business and Social Science Reading Room 05/11/2026 Purchase   335.4 TUP 63153 05/11/2026 C-5 05/11/2026 Books
© Copyright 2026. Chittagong University Library, Installation and Maintenance by Prof. Dr. Md. Alamgir, 01711306253